Quiz Jujutsu Kaisen (un peu dur) - Statistiques

Statistiques générales
  • Ce quiz a été pris 150 fois
  • Le résultat moyen est 3 sur 13
Statistiques - réponses
Hint Réponse % Correct
A combien d'images par seconde peut aller le sort de Naobito et Naoya Zenin ? 24
69%
Quand est-ce que Satoru Gojo s'est-il fait sceller (le jour précis) 31 octobre
56%
Quel est le titre COMPLET de Mahoraga Général Céleste Impie
25%
Combien de temps Satoru Gojo utilise son extension du territoire dans la gare de Shibuya (en secondes) 0.02 secondes
22%
Qui sont les élèves cités (dont un implicitement) par Satoru Gojo dans le Chapitre 11 ? "Ils sont tous excellents, surtout celui qui est en terminale et ..., un jour ils m'égaleront" Kinji Hakari et Yuta Okkotsu
20%
Comment se nomme l'arme de prédilection de Toji Fushiguro Lance Céleste
20%
Quel est le nom de la mère de Yuji Itadori ? Kaori Itadori
13%
Combien de QI Aoi Todo dit avoir 53 000
12%
A quel chapitre Satoru Gojo a-t-il été scellé ? Chapitre 90/Chapitre 91
11%
Comment se nomme le sort inné de Yuki Tsukumoto Bom-ba-ye, la Colère de l'Étoile
7%
Quelle est l'incantation COMPLETE pour invoquer Mahoraga À moi les Trésors Sacrés, par l'Épée de Yatsuka, j'invoque
6%
Quel est le nom du sort inné de Naobito et Naoya Zenin ? Technique de Projection
4%
Comment se nomme la chimère créée par Sukuna contre Gojo Nué Totalité, Agito
1%
Aucun quiz correspondant
Distribution des résultats
% des personnes avec chaque résultat
Percentile par nombre de réponses
Votre historique - résultats
Vous n’avez pas pris ce quiz